[Event "AUTO-OPEN-1398"]
[Site "http://www.queenalice.com/game.php?id=520776"]
[Date "2009.1.11"]
[Round "1"]
[White "XaraX"]
[Black "melanny"]
[Result "1-0"]
[WhiteElo "1879"]
[BlackElo "1513"]

1. d4 e6 2. c4 d5 3. Nc3 Bb4 4. Bd2 Nf6 5. a3 Bxc3 6. Bxc3 O-O 7. Nf3 Ne4 8. e3
Nc6 9. Bd3 Nxc3 10. bxc3 e5 11. cxd5 Na5 12. Nxe5 f6 13. Nc4 Nxc4 14. Bxc4 Bf5
15. d6+ Kh8 16. dxc7 Qxc7 17. Qb3 Be4 18. O-O a6 19. f3 Bc6 20. d5 Bd7 21. Rad1
b5 22. Be2 1-0

[Event "Challenge"]
[Site "http://www.queenalice.com/game.php?id=742516"]
[Date "2010.3.7"]
[Round "-"]
[White "melanny"]
[Black "diego2907"]
[Result "0-1"]
[WhiteElo "1447"]
[BlackElo "1828"]

1. e4 e5 2. Bc4 Bc5 3. Nf3 d6 4. O-O h6 5. d4 exd4 6. Nxd4 Bxd4 7. Qxd4 Nf6 8.
Bd5 c5 9. Qc4 Nxd5 10. Qxd5 Nc6 11. Nc3 Be6 12. Qd1 Qe7 13. Nb5 O-O-O 14. Be3
Kb8 15. Re1 a6 16. Na3 g6 0-1

[Event "Let's Play Chess!"]
[Site "http://www.queenalice.com/game.php?id=742522"]
[Date "2010.3.7"]
[Round "-"]
[White "melanny"]
[Black "Lacey12"]
[Result "0-1"]
[WhiteElo "1482"]
[BlackElo "1810"]

1. e4 e5 2. Bc4 Nf6 3. Nf3 h6 4. Nxe5 d5 5. Bxd5 Nxd5 6. exd5 Qxd5 7. d4 Nc6 8.
Nxc6 Qxc6 9. d5 Qd7 10. O-O Bc5 11. Nc3 O-O 12. Ne4 Be7 13. Re1 Re8 14. Qd4 f5
15. Nc3 Bf6 16. Rxe8+ Qxe8 17. Bf4 Bxd4 18. Nb5 Qxb5 19. c3 Bc5 20. b4 Bd6 21.
c4 Qxb4 0-1

[Event "Challenge"]
[Site "http://www.queenalice.com/game.php?id=742524"]
[Date "2010.3.7"]
[Round "-"]
[White "melanny"]
[Black "Blackangel"]
[Result "0-1"]
[WhiteElo "1484"]
[BlackElo "1978"]

1. e4 c5 2. Bc4 Nc6 3. Nf3 Nf6 4. O-O g6 5. d3 Bg7 6. Bg5 O-O 7. Nc3 d6 8. Nd5
Be6 9. Re1 Bxd5 10. exd5 Nb8 11. Bxf6 Bxf6 12. d4 cxd4 13. Nxd4 Qb6 14. Nb5 Bxb2
15. Rb1 Bf6 16. Qf3 Qc5 17. Re4 a6 18. Nc3 b5 19. Be2 Bxc3 20. Rxe7 Bg7 21. Qg3
Ra7 22. Re4 Qxd5 23. f3 Qxa2 24. Rd1 Qxc2 25. Rxd6 f5 26. Ree6 b4 27. Bd1 Qc5+
28. Kf1 Rd7 29. h4 Rxd6 30. Rxd6 Be5 31. Re6 Bxg3 32. Bb3 Qf2# 0-1

[Event "Challenge"]
[Site "http://www.queenalice.com/game.php?id=742528"]
[Date "2010.3.7"]
[Round "-"]
[White "melanny"]
[Black "Aldo2020"]
[Result "0-1"]
[WhiteElo "1417"]
[BlackElo "1622"]

1. e4 Nc6 2. Bc4 Nf6 3. d3 e6 4. Nf3 Bc5 5. Bg5 h5 6. Bxf6 Qxf6 7. Nc3 Qg6 8.
O-O h4 9. Nxh4 Rxh4 10. g3 Rh3 11. Nb5 Bd6 12. Qf3 Qh6 13. Nxd6+ cxd6 14. Bb5
Nd4 15. Qe3 Nxb5 16. Qxh6 gxh6 17. c4 Nd4 18. f4 b6 19. Kg2 Rh5 20. g4 Ra5 21.
a4 Bb7 22. b4 Nc2 23. bxa5 Nxa1 24. Rxa1 bxa5 25. d4 Bxe4+ 0-1

[Event "Challenge"]
[Site "http://www.queenalice.com/game.php?id=746978"]
[Date "2010.3.16"]
[Round "-"]
[White "melanny"]
[Black "colatina"]
[Result "0-1"]
[WhiteElo "1479"]
[BlackElo "1594"]

1. e4 c5 2. Bc4 Nc6 3. Nf3 e6 4. O-O d5 5. exd5 exd5 6. Bb5 h6 7. Bxc6+ bxc6 8.
Re1+ Be7 9. d4 Bg4 10. Nbd2 cxd4 11. Nb3 Nf6 12. Bd2 a5 13. Bf4 a4 14. Nbxd4 Ra6
15. Ne5 Bxd1 16. Rexd1 Qc8 17. Ndxc6 Rxc6 18. Nxc6 Qxc6 19. Be5 Qxc2 20. Rdc1
Qe4 21. Rc8+ Bd8 0-1

[Event "AUTO-INT-1643"]
[Site "http://www.queenalice.com/game.php?id=747160"]
[Date "2010.3.17"]
[Round "1"]
[White "melanny"]
[Black "Atarihero"]
[Result "0-1"]
[WhiteElo "1434"]
[BlackElo "1720"]

1. e4 Nc6 2. Bb5 e5 3. Nf3 Nf6 4. d3 Nd4 5. Nxd4 exd4 6. Bg5 Be7 7. O-O c6 8.
Bc4 O-O 9. Bxf6 Bxf6 10. c3 d5 0-1

[Event "AUTO-OPEN-1914"]
[Site "http://www.queenalice.com/game.php?id=747274"]
[Date "2010.3.17"]
[Round "1"]
[White "Definitivo_Cleverton"]
[Black "melanny"]
[Result "1-0"]
[WhiteElo "1957"]
[BlackElo "1425"]

1. d4 e6 2. c4 d5 3. Nc3 dxc4 4. e3 Bb4 5. Bd2 Nf6 6. Bxc4 O-O 7. Nf3 Bxc3 8.
Bxc3 Ne4 9. Bb4 c5 10. dxc5 Qd7 11. Qxd7 1-0

[Event "AUTO-OPEN-1914"]
[Site "http://www.queenalice.com/game.php?id=747275"]
[Date "2010.3.17"]
[Round "1"]
[White "melanny"]
[Black "Definitivo_Cleverton"]
[Result "0-1"]
[WhiteElo "1423"]
[BlackElo "1959"]

1. e4 c5 2. Bc4 e6 3. Nf3 d6 4. d3 Nf6 5. O-O Be7 6. Nc3 Nc6 7. Bg5 O-O 8. Bxf6
Bxf6 9. Bb5 Bd7 10. Bxc6 Bxc6 0-1